000 00479nam a2200181Ia 4500
001 20529
005 20260306172812.0
008 260306t2016||||xx |||||||||||||| ||spa||
041 _aESP
082 _a343.4
_bB82
100 _aBrewer-Carías, Allan
_eAUT
245 0 _aEl proceso de amparo:
_ben el derecho constitucional comparado de América Latina
260 _c2016
300 _a229 páginas :
_c24 cm.
650 _aGEN
654 _aCDE
942 _cLIB
_dJUS
_fJUS
_2ddc
_n
999 _c20529
_d20529